000 004770000a22001810004500
005 20120302055938.0
942 _cBOOK
100 _a Alatekar,Anant Sadashiv
245 _a Praachin Bhaaratiya Shikshan Padhatee
260 _aNagpur:Suvichaar Prakaashan Mandal,1935.
300 _a208p.
490 _aNavbhaarat Granthamaalaa-9
040 _aMAR
365 _b2/-
650 _aShikshan
650 _aBhaaratiya Shikshan Padhatee
650 _aPraachin Shikshan Paddhat
999 _c349802
_d349799